| 000 | 00573nam a22001937a 4500 | ||
|---|---|---|---|
| 999 |
_c7644 _d7644 |
||
| 001 | 9481 | ||
| 003 | BD-DhUAP | ||
| 005 | 20210127151812.0 | ||
| 008 | 210127q pk ||||| |||| 00| 0 eng d | ||
| 040 |
_aBD-DhUAP _bEng _cBD-DhUAP _dBD-DhUAP |
||
| 082 |
_223 _a346.5491 FAR |
||
| 100 | _aFarani, Mr. M. | ||
| 245 |
_aManual of trade marks, laws / _cMr. M. Farani. |
||
| 260 |
_aLahore : _bNadeem Law Book, _c[...?]. |
||
| 300 |
_a552 pages ; _c22 cm. |
||
| 650 |
_aIntellectual property _zPakistan. |
||
| 650 |
_aTrademarks _vLaw and legislation _zPakistan. |
||
| 942 |
_2ddc _cBK |
||